000 00698nab a2200205 4500
001 90031
003 OSt
005 20230516084430.0
007 tu
008 110905s2000|||||||
040 _aDE-2950
_cDE-2950
245 0 0 _aHund erschossen - Besitzer war bei der Polizei kein Unbekannter.
_bKriminalität. Behörde informiert über weitere Einzelheiten zum SEK-Einsatz im Winzerring am Wochenende bei dem ein Schäferhund getötet wurde /
_cInes Weber-Rath
264 _c2023
653 _aFrankfurt (Oder)
653 _aSEK
653 _aSpezialeinsatzkräfte
653 _aTiere
773 0 _g34. Jahrgang (2023) Nr. 103, 04.05.2023, S. 13: mit Foto
_tMärkische Oderzeitung
942 _2z
_cA
999 _c372442
_d372442